| 000 | 00330nam a22001217a 4500 | ||
|---|---|---|---|
| 020 | _a978-969-31-0828-6 | ||
| 040 | _cCL | ||
| 100 |
_aProf.Ahmed Saeed _9127800 |
||
| 245 | _aIqbaliyat-e-Nawaey Waqt / اقبالیاتِ نوائے وقت | ||
| 260 |
_aLahore: _bGhulam Ali Publisher, _c2015. |
||
| 300 | _a336p. | ||
| 942 |
_2ddc _cBK |
||
| 999 |
_c612810 _d612810 |
||